UBT Library

MODERN CRIMINAL PROCEDURE (Record no. 12364)

000 -LEADER
fixed length control field 00273nam a22001217a 4500
008 - FIXED-LENGTH DATA ELEMENTS--GENERAL INFORMATION
fixed length control field 170502b xxu||||| |||| 00| 0 eng d
041 ## - LANGUAGE CODE
Language code of text/sound track or separate title eng
080 ## - UNIVERSAL DECIMAL CLASSIFICATION NUMBER
Edition identifier 12TH
Universal Decimal Classification number 343.9
100 ## - Rafti
Rafti 14
101 ## - Shkurtesa
Shkurtesa SHJ
245 ## - TITLE STATEMENT
Title MODERN CRIMINAL PROCEDURE
Statement of responsibility, etc KAMISAR, Y
942 ## - ADDED ENTRY ELEMENTS (KOHA)
Source of classification or shelving scheme
Item type Books
Holdings
Withdrawn status Lost status Source of classification or shelving scheme Damaged status Not for loan Collection code Permanent location Current location Shelving location Date acquired Total Checkouts Full call number Barcode Date last seen Price effective from Koha item type
          Koleksioni i përgjithshem UBT - Lipjan UBT - Lipjan Koleksioni i përgjithshem 05/02/2017   343.9 KAM 002-283199 05/02/2017 05/02/2017 Books
UBT Library © 2015-2024. All rights reserved University Education for Business and Technology